The economics of science and innovation (Record no. 303418)

MARC details
000 -LEADER
fixed length control field 00820nam a2200241Ia 4500
008 - FIXED-LENGTH DATA ELEMENTS--GENERAL INFORMATION
fixed length control field 191130s2000##################000#0#eng##
020 ## - INTERNATIONAL STANDARD BOOK NUMBER
ISBN 1858987555
082 ## - DEWEY DECIMAL CLASSIFICATION NUMBER
Classification number 338.064 STE.1
245 ## - TITLE STATEMENT
Title The economics of science and innovation
Statement of responsibility, etc edited by Paula E. Stephan and David B. Audretsch
260 ## - PUBLICATION, DISTRIBUTION, ETC. (IMPRINT)
Place of publication Aldershot, Hants, England ; Brookfield, Vt., USA
Name of publisher E. Elgar Pub
Year of publication c2000
300 ## - PHYSICAL DESCRIPTION
Number of Pages 2 v. : ill. ; 26 cm
500 ## - GENERAL NOTE
General note Includes bibliographical references and index
650 ## - SUBJECT ADDED ENTRY--TOPICAL TERM
Topical Term Research - Economic aspects
Topical Term Science - Economic aspects
Topical Term Technological innovations - Economic aspects
700 ## - ADDED ENTRY--PERSONAL NAME
Personal name Audretsch, David B
Personal name Stephan, Paula E
991 ## -
-- 169367
Holdings
Withdrawn status Lost status Damaged status Not for loan Home library Current library Shelving location Date acquired Full call number Accession Number Price effective from Koha item type
        Anna Centenary Library Anna Centenary Library 4TH FLOOR, A WING 15.10.2020 338.064 STE.1 359835 15.10.2020 English Books

Find us on the map